Glulam shows its strength (Record no. 22964)
[ view plain ]
| 000 -LEADER | |
|---|---|
| fixed length control field | 00862cab a2200217 4500 |
| 001 - CONTROL NUMBER | |
| control field | ABS42114 |
| 008 - FIXED-LENGTH DATA ELEMENTS--GENERAL INFORMATION | |
| fixed length control field | 970403 19900208 f 000 0 eng d |
| 035 ## - SYSTEM CONTROL NUMBER | |
| System control number | (Sirsi) u34789 |
| 041 0# - LANGUAGE CODE | |
| Language code of text/sound track or separate title | eng |
| 100 1# - MAIN ENTRY--PERSONAL NAME | |
| Personal name | Millett, C. |
| 245 00 - TITLE STATEMENT | |
| Title | Glulam shows its strength |
| 260 ## - PUBLICATION, DISTRIBUTION, ETC. | |
| Date of publication, distribution, etc. | 1990 |
| 350 ## - PRICE (NR) (BK AM CF MU VM SE) [OBSOLETE] | |
| Price | 0 |
| 490 #0 - SERIES STATEMENT | |
| Series statement | Building Today |
| Volume/sequential designation | 199(5842) 8 February 1990, 26-27(2) |
| 520 ## - SUMMARY, ETC. | |
| Summary, etc. | Glulam, glued laminated timber is being used in increasing quantities in the UK. It is flexible strong and cheaper to use than reinforced concrete and steel. Its application and handling are discussed. |
| 520 ## - SUMMARY, ETC. | |
| Summary, etc. | This article is no longer held by the RICS Library but may be available on inter-library loan. Please ask Library staff for details. |
| 651 #4 - SUBJECT ADDED ENTRY--GEOGRAPHIC NAME | |
| Geographic name | United Kingdom |
| Chronological subdivision | |
| 690 ## - LOCAL SUBJECT ADDED ENTRY--TOPICAL TERM (OCLC, RLIN) | |
| Topical term or geographic name as entry element | BUILT ENVIRONMENT-BUILDING MATERIALS-TIMBER |
| 942 ## - ADDED ENTRY ELEMENTS (KOHA) | |
| Suppress in OPAC | 0 |
| 948 ## - LOCAL PROCESSING INFORMATION (OCLC); SERIES PART DESIGNATOR (RLIN) | |
| c (OCLC) | 04/03/1997 |
| Withdrawn status | Lost status | Source of classification or shelving scheme | Damaged status | Not for loan | Home library | Current library | Shelving location | Date acquired | Total Checkouts | Full call number | Barcode | Date last seen | Copy number | Price effective from | Koha item type |
|---|---|---|---|---|---|---|---|---|---|---|---|---|---|---|---|
| Dewey Decimal Classification | London | London | Journal article | 14/09/1999 | ABS42114 | 34789-1001 | 06/08/2019 | 1 | 06/08/2019 | Journal article |